[Event "North American-ch U12 Girls"]
[Site "Montreal"]
[Date "2010.08.16"]
[Round "1"]
[White "Gologorsky, Rachel Gita"]
[Black "Lu, Roselyn"]
[Result "1-0"]
[WhiteElo "1769"]
[BlackElo "531"]
[PlyCount "71"]
[EventDate "2010.08.16"]
[EventType "swiss"]
[EventRounds "7"]
[EventCountry "CAN"]
[SourceTitle "EXT 2013"]
[Source "ChessBase"]
[SourceDate "2012.11.22"]
[SourceVersion "1"]
[SourceVersionDate "2012.11.22"]
[SourceQuality "1"]

1. e4 e5 2. Nf3 Nc6 3. d4 exd4 4. Nxd4 Nf6 5. Nxc6 bxc6 6. e5 Qe7 7. Qe2 Nd5 8. c4 Nf4 9. Bxf4 d5 10. exd6 Qxe2+ 11. Bxe2 cxd6 12. Bf3 c5 13. Bxa8 Be7 14. Bc6+ Bd7 15. Bxd7+ Kxd7 16. Nc3 h6 17. 0-0-0 Bg5 18. Rxd6+ Ke7 19. Re1+ Kf8 20. Bxg5 Kg8 21. Re8+ Kh7 22. Rxh8+ Kxh8 23. Bxh6 gxh6 24. Rxh6+ Kg7 25. Rc6 Kh7 26. Nd5 f5 27. Rf6 f4 28. Kd2 f3 29. g4 a5 30. Ke3 Kg7 31. Kf4 Kh7 32. Kg5 a4 33. Rf7+ Kg8 34. Kg6 a3 35. Ne7+ Kh8 36. Rf8# 1-0